Obálka
Pro půjčování e-knih musíte být přihlášeni.
Jak si půjčit online?

Nemesis /

Detektivní příběh, ve kterém bystrá slečna Marplová odhalí na turistickém zájezdu kořeny dávné vraždy, vyřeší nespravedlivé obvinění mladého muže a objeví pravého vraha.

Uloženo v:
Série:Slečna Marplová, část 12
Hlavní autor: Christie, Agatha, 1890-1976 (Autor)
Další autoři: Hrubá, Eva (Autor), Tůma, Daniel, 1978- (Překladatel), Merunková, Růžena, 1940- (Režisér), Brousek, Otakar, 1957- (Vypravěč-komentátor)
Médium: E-audiokniha
Jazyk:Czech
Vydáno: Praha : Voxi, [2023]
Témata:
Příbuzné jednotky:Z cyklu:: Slečna Marplová
Tagy:
Žádné tagy
LEADER 04377nim a2200901 i 4500
001 313187
003 CZ PrSKC
005 20260601215737.0
007 sd fungnnmmned
008 231221t20232023xr nnnng f n cze
015 |a cnb003579836 
024 3 |a 8594050436992 
040 |a ABA001  |b cze  |e rda 
041 1 |d cze  |h eng 
072 7 |a 821.111-3  |x Anglická próza, anglicky psaná  |2 Konspekt 
080 |a 821.111-31  |2 MRF 
080 |a (0:82-312.4)  |2 MRF 
080 |a (086.7)08  |2 MRF 
080 |a (086.76)  |2 MRF 
100 1 |a Christie, Agatha,  |d 1890-1976  |7 jn19981000482  |4 aut 
240 1 0 |a Nemesis.  |l Česky  |7 aun2010595245 
245 1 0 |a Nemesis /  |c Agatha Christie ; překlad Eva Hrubá 
264 1 |a Praha :  |b Voxi,  |c [2023] 
264 4 |c ©2023 
300 |a 1 audiodisk (9 hod., 25 min.) ;  |c 12 cm 
306 |a 092500 
336 |a mluvené slovo  |b spw  |2 rdacontent 
337 |a audio  |b s  |2 rdamedia 
338 |a audiodisk  |b sd  |2 rdacarrier 
344 |a digital  |b optical  |2 rda 
347 |a audio soubor  |b MP3  |2 rda 
500 |a Název z disku 
500 |a Přeloženo z angličtiny 
500 |a "Poslední román Agathy Christie se slečnou Marplovou"--Pouzdro 
500 |a Copyright Albatros Media 
500 |a Nezkrácená audiokniha ve formátu MP3 
508 |a Režie Daniel Tůma 
511 0 |a Čtou Růžena Merunková a Otakar Brousek ml. 
518 |o Nahráno  |d 2023  |p studio Karpofon (Audiostory), Praha 
520 2 |a Detektivní příběh, ve kterém bystrá slečna Marplová odhalí na turistickém zájezdu kořeny dávné vraždy, vyřeší nespravedlivé obvinění mladého muže a objeví pravého vraha.  |b Výstřední milionář Jason Rafiel, s nímž se slečna Marplová setkala v příběhu Karibské tajemství, jí zanechal zvláštní dědictví - slečna Jane získá 20 000 liber, když přijde na kloub případu, o kterém nemá žádné informace. Heslo zní NEMESIS (antická bohyně pomsty). Slečna Marplová nabídku přijímá. O několik dní později se dovídá, že jí pan Rafiel zaplatil putování po anglických historických domech a zahradách. Brzy zjistí, že tím Rafielův plán nekončí... Nakladatelská anotace. 
655 7 |a anglické romány  |7 fd131814  |2 czenas 
655 7 |a detektivní romány  |7 fd132010  |2 czenas 
655 7 |a audioknihy  |7 fd119452  |2 czenas 
655 7 |a kompaktní disky  |7 fd201991  |2 czenas 
700 1 |a Hrubá, Eva  |7 jk01042894  |4 trl 
700 1 |a Tůma, Daniel,  |d 1978-  |7 xx0131764  |4 drt 
700 1 |a Merunková, Růžena,  |d 1940-  |7 jn19990209540  |4 nrt 
700 1 |a Brousek, Otakar,  |d 1957-  |7 jn19981000334  |4 nrt 
787 0 8 |i Z cyklu:  |t Slečna Marplová  |g 12 
900 |a ABA001  |b 19 
044 |a xr 
505 0 0 |t 01_Nemesis (2 min., 48 sek.) 
505 0 0 |t 02_Predehra (29 min., 36 sek.) 
505 0 0 |t 03_Sifra Nemesis (27 min., 1 sek.) 
505 0 0 |t 04_Slecna Marplova jde do toho (20 min., 49 sek.) 
505 0 0 |t 05_Esther Waltersova (27 min., 15 sek.) 
505 0 0 |t 06_Pokyny ze zahrobi (35 min., 10 sek.) 
505 0 0 |t 07_Laska (13 min., 25 sek.) 
505 0 0 |t 08_Pozvani (12 min., 4 sek.) 
505 0 0 |t 09_Tri sestry (23 min., 23 sek.) 
505 0 0 |t 10_Polygonum baldschuanicum (14 min., 39 sek.) 
505 0 0 |t 11_Ach jak krasne a stastne jsou ty casy zasle (28 min., 22 sek.) 
505 0 0 |t 12_Nestesti (27 min., 0 sek.) 
505 0 0 |t 13_Porada (35 min., 31 sek.) 
505 0 0 |t 14_Cerna a cervena kostka (29 min., 58 sek.) 
505 0 0 |t 15_Pan Broadribb se divi (9 min., 20 sek.) 
505 0 0 |t 16_Verity (15 min., 48 sek.) 
505 0 0 |t 17_Preliceni (27 min., 57 sek.) 
505 0 0 |t 18_Slecna Marplova jde na navstevu (23 min., 51 sek.) 
505 0 0 |t 19_Arcidekan Brabazon (34 min., 14 sek.) 
505 0 0 |t 20_Nadeslo louceni (17 min., 30 sek.) 
505 0 0 |t 21_Napady slecny Marplove (30 min., 23 sek.) 
505 0 0 |t 22_Hodiny odbijeji tri (21 min., 17 sek.) 
505 0 0 |t 23_Slecna Marplova vypravuje (38 min., 54 sek.) 
505 0 0 |t 24_Posledni stripky (16 min., 3 sek.) 
910 |a RBIT002 
998 |d 390728  |a https://core.palmknihy.cz/api/books/390728/cover?sizi5i  |b https://core.palmknihy.cz/api/books/390728/cover/400?sizi5i  |c https://core.palmknihy.cz/api/books/390728/cover/50?sizi5i  |e 2028-08-31  |i 8594050436992  |l 33900  |q 49  |r 1  |s https://www.palmknihy.cz/kniha/390728  |t audiobook  |y 2023  |z 0 
999 |d 313185